Most Populated Cities In Europe A-Z - Statistics

General Stats
  • This quiz has been taken 563 times
    473 since last reset
  • The average score is 20 of 26
Answer Stats
Answer Population Country % Correct
A Athens 3,154,000 Greece
99%
B Berlin 3,769,495 Germany
99%
P Paris 2,165,423 France
98%
C Copenhagen 805,420 Denmark
97%
M Moscow 12,641,000 Russia
97%
R Rome 4,298,000 Italy
97%
L London 8,961,989 England
96%
K Kiev 2,962,180 Ukraine
95%
O Oslo 580,000 Norway
95%
V Vienna 1,960,000 Austria
95%
I Istanbul 15,460,000 Turkey
94%
W Warsaw 1,795,000 Poland
93%
N Naples 959,470 Italy
91%
F Frankfurt 764,104 Germany
89%
H Hamburg 1,845,229 Germany
88%
S St. Petersburg 5,536,000 Russia
88%
T Turin 847,287 Italy
83%
G Glasgow 635,640 UK
78%
U Utrecht 290,529 Netherlands
64%
Y York 153,717 UK
61%
E Essen 593,085 Germany
60%
D Dnipro 980,948 Ukraine
45%
Q Quimper 63,283 France
24%
J Jena 110,731 Germany
19%
X Xanthi 65,133 Greece
19%
Z Zaporizhzhia 722,713 Ukraine
15%
No matching quizzes found
Score Distribution
Percent of People with Each Score
Percentile by Number Answered
Your Score History
You have not taken this quiz since the last reset